| 000 | 004900000a22001810004500 | ||
|---|---|---|---|
| 003 | LK-CoMWRAF | ||
| 005 | 20231213171017.0 | ||
| 008 | 230817t1961 ||||| |||| 00| 0 eng d | ||
| 040 |
_aLK-CoMWRAF _dLK-CoMWRAF _eLK-CoMWRAF |
||
| 041 | _aeng | ||
| 082 |
_a340.59 _bRAM |
||
| 100 | _aRamadan, Said | ||
| 245 |
_aIslamic Law: _bits scope and equity |
||
| 260 |
_aLondon: _bMacmillan, _c1961 |
||
| 300 |
_a171 p.; 21 cm _bBibliography and index included |
||
| 650 | _aIslamic law | ||
| 942 | _cBK | ||
| 999 |
_c3201 _d3201 |
||